000 00689nam a2200289Ia 4500
005 20260324115239.0
008 008 260324s9999 xx 000 0 eng d
020 _a9781032682426
037 _aEBOOK
040 _aCRL
040 _beng
040 _cCRL
041 _2eng
041 _aeng
084 _qCRL
100 _aPaula Bourque
_91153931
245 0 _aSPARK!
245 0 _bQuick Writes to Kindle Hearts and Minds in Elementary Classrooms
260 _bTaylor and Francis
260 _c2019
365 _a
365 _b135
856 _uhttp://www.taylorfrancis.com/books/9781032682426
942 _cEBOOK
999 _c1744665
_d1744665